| 000 | 00554nam a2200169Ia 4500 | ||
|---|---|---|---|
| 999 |
_c23010 _d23010 |
||
| 082 | _aTG.0323 | ||
| 100 | _aGagandeep Kaur | ||
| 245 | 0 | _aWorking and interaction style analysis of elected women in panchayati raj system towards empowerment | |
| 260 |
_c2000 _bPunjab Agricultural University |
||
| 300 | _a95p. + C D - 34 | ||
| 650 | _aPANCHAYAT - LUDHIANA | ||
| 650 | _aWOMEN IN PANCHAYAT - LUDHIANA | ||
| 650 | _aWOMEN IN RURAL DEVELOPMENT///WOMEN IN PANCHAYAT | ||
| 650 | _aWOMEN IN POLITICS - LUDHIANA | ||
| 710 | _aGoyal, G. | ||
| 942 |
_cTH _2ddc |
||